000 00788nam a2200253Ia 4500
003 OSt
005 20220916110925.0
006 a|||||r|||| 00| 0
007 ta
008 220915b |||||||| |||| 00| 0 hin d
024 _a193685
037 _cTextbook
040 _bhin
_aARTS
_cARTS
041 _ahin
082 _aO152,1NPA14x, L8
100 _aपंडित, विजयपाला
245 0 _aविश्वरूपा
246 _aVishvarūpā
260 _aदिल्ली
_bसुर्य प्रकाशन भारत
_c1978
300 _a112 पृ0
_ccm.
650 _aहिन्दी साहित्य
942 _hO152,1NPA14x, L8
_cTB
_2CC
999 _c101521
_d101521